| 000 | 00878nam a22002417a 4500 | ||
|---|---|---|---|
| 005 | 20240530110408.0 | ||
| 008 | 150208s2011 ua f 000 0 ara d | ||
| 017 |
_a11987/2011 _bمصر . دار الكتب المصرية |
||
| 020 | _a9789771808442 | ||
| 040 | _aEG-CaGPL | ||
| 041 | 0 | _aara | |
| 082 | 0 | 4 |
_221 _a962.05 _bق/ى م |
| 100 | 1 |
_aبيرك ، جاك _qجاك بيرك |
|
| 245 | 1 |
_aمصر الامبريالية و الثورة / _cجاك بيرك |
|
| 260 |
_aالقاهرة : _bمطبعة دار الكتب والوثائق القومية بالقاهرة ، _c2011 |
||
| 300 |
_a398 ص ؛ _c20 سم |
||
| 490 | 0 |
_aالثورة والحرية ؛ _v27 |
|
| 650 | 0 | 4 | _aالثورات |
| 651 | 0 | 4 |
_aمصر _xتاريخ _yثورة 25 يناير |
| 651 | 0 | 4 |
_aمصر _xتاريخ _xالثورات |
| 942 |
_2ddc _cBK |
||
| 999 |
_c60401 _d60401 |
||